000 00221 a2200097 4500
001 45295
100 _aSutton Sir G
245 _aMastery of the Air
260 _aLondon
_bHodder and stoughton
_c
090 _c28477
_d28477
942 _aNUST-CAE
_cM
_c20532
999 _c280368
_d280368